000 00606nam a2200205Ia 4500
005 20250923144841.0
008 008 250917s9999 xx 000 0 eng d
037 _aTextual
040 _aDSWL
_beng
_cDSWL
041 _aeng
_2eng
084 _aRRzK, N34
_qDSWL
100 _aKaji, Hiralal Lallubhai
_9829056
245 0 _aLife and speeches of Sir Vithaldas Thacker sey
_cby Hiralal Lallubhai Kaji
260 _aBombay
_bD.B.Taraporewala & Sons
_c1934
300 _axvi,565p.
365 _aINR
_b25
925 _g25
942 _cTEXL
_hRRzK, N34
999 _c1444139
_d1444139